Carte - Les Clubs de Ronaldo et Messi - Statistiques

Statistiques générales
  • Ce quiz a été pris 1 743 fois
  • Le résultat moyen est 7 sur 8
Réponses sur la Carte
Les réponses sont colorées sur une échelle allant du rouge au vert en fonction du pourcentage des utilisateurs qui les ont devinées à leur premier essai. Vous pouvez retrouver ces pourcentages ci-dessous.
 
Statistiques - réponses
Réponse % Correct
Al-Nassr
94%
Paris Saint-Germain
93%
Inter Miami
92%
Manchester United
91%
Juventus Turin
90%
Sporting CP
90%
Real Madrid
88%
FC Barcelone
85%
Aucun quiz correspondant
Distribution des résultats
% des personnes avec chaque résultat
Percentile par nombre de réponses
Votre historique - résultats
Vous n’avez pas pris ce quiz